• 首页
  • 本馆介绍
  • 公告通知
  • 最新文献
  • 馆藏检索
  • 电子资源
  • 读者导购
  • 参考咨询
  • 我的图书馆
  • 登录
  • 详细信息显示
  • 放入我的书架
  • 预约/预借图书
  • 作者相关作品
  • 分类相关作品
  • 丛书相关作品
  • 出版社相关作品

书目信息

  • 表格格式
  • 工作单格式
  • 卡片格式
题名:
旅游文化
    
 
作者: 孙全治 , 林占生 主编
分册:  
出版信息: 郑州   郑州大学出版社  2006
页数: 229页
开本: 24cm
丛书名:
单 册:
中图分类: F590-05
科图分类:
主题词: 旅游--文化--高等教育--教材 , 旅游
电子资源:
ISBN: 7-81106-304-2
000 00948nam0 2200289 450
001 003348253
005 20070807145835.28
010    @a7-81106-304-2@dCNY16.80
035    @a003348253
100    @a20070110d2006 em y0chiy0110 ea
101 0  @achi
102    @aCN@b410000
105    @ay z 000yy
106    @ar
200 1  @a旅游文化@Alv you wen hua@f孙全治,林占生主编@Fsun quan zhi, lin zhan sheng zhu bian
210    @a郑州@c郑州大学出版社@d2006
215    @a229页@d24cm
300    @a高等职业教育旅游管理专业“十一五”规划教材
310    @a封底价格:CNY24.00
330    @a本书阐述了文化与旅游文化、旅游文化的历史发展、旅游文化的基本特征、旅游主体文化、旅游景观文化、旅游建筑文化、旅游宗教文化等内容。
606 0  @a旅游@x文化@x高等教育@j教材
606 0  @a旅游
690    @aF590-05@v4
701  0 @a孙全治@Asun quan zhi@4主编
701  0 @a林占生@Alin zhan sheng@4主编
801  0 @aCN@bNLC@c20070807
905    @dF590-05@e192@f1
    
    旅游文化/孙全治,林占生主编.-郑州:郑州大学出版社,2006
    229页;24cm
    高等职业教育旅游管理专业“十一五”规划教材
    
    ISBN 7-81106-304-2:CNY16.80
    本书阐述了文化与旅游文化、旅游文化的历史发展、旅游文化的基本特征、旅游主体文化、旅游景观文化、旅游建筑文化、旅游宗教文化等内容。
●
相关链接 在E读中查询图书 在五车中查询图书 在当当中查询图书 在豆瓣中查询图书


正题名:旅游文化     索取号:F590-05/192         预约/预借

序号 登录号 条形码 馆藏地/架位号 状态 备注
1 0853127   208531276   第一样本阅览室/ [索取号:F590-05/192] 在馆    
唐山师范学院图书馆 欢迎您!
大连网信软件有限公司© 版权所有